000 00913nam a22002777a 4500
001 7131
003 FISKH
005 20250626082847.0
008 250625b cb ||||| |||| 00| 0 eng d
020 _a9788956355016
040 _aFISKH
_beng
_cFISKH
_dFISKH
050 _aPZ7
082 _a590
100 _aSormark, Julie
245 _aThe farm rooster and the weather vane /
_cRetold by Julie Sormark : through the Art style of Henri Matisse
260 _aSeoul :
_be-future ,
_c2010.
300 _a33 pages :
_bcolor illustrations ;
_c23 cm .
490 _aArt classic stories
505 _aJ
520 _aA rooster who wakes everyone up and a weather vane who tells how the wind blows exchange jobs to prove which is more important
521 8 _a500
_bLexile estimate
521 8 _aJ
_bRaz-Plus
700 _aLee, Jeongseon
_eIllustrator
942 _2ddc
_cBK
_n0
999 _c7131
_d7131